|
|
|
|
| LEADER |
00000nab a2200000 a 4500 |
| 001 |
vtls000736936 |
| 003 |
SK-MaSNL |
| 005 |
20260304212032.0 |
| 008 |
140328c2000 xo 0 slo |
| 015 |
|
|
|a SNBRA2000/11-26914
|
| 035 |
|
|
|a CLN000088803
|
| 040 |
|
|
|a SNKBUCL
|b slo
|c SNKBUCL
|e AACR2
|
| 041 |
0 |
|
|a slo
|
| 044 |
|
|
|a xo
|c SK
|
| 080 |
|
|
|a 614.253
|2 1997
|
| 080 |
|
|
|a 616-089.843
|2 1997
|
| 080 |
|
|
|a 179.7
|2 1997
|
| 100 |
1 |
|
|a Bošmanský, Karol,
|d 1927-2016
|4 aut
|9 119482
|
| 245 |
1 |
0 |
|a Plastické operácie a transplantácia orgánov
|c K. Bošmanský
|
| 504 |
|
|
|a Bibliogr. odkazy
|
| 650 |
0 |
7 |
|a transplantácia
|2 snkbucl
|9 2609
|
| 655 |
|
7 |
|a články z novín a časopisov
|2 snkbucl
|9 267496
|
| 773 |
0 |
|
|t Duchovný pastier
|g Roč. 81, č. 7 (2000), s. 327-328
|x 0139-861X
|
| 850 |
|
|
|a Slovenská národná knižnica v Martine
|
| 852 |
|
|
|a SNK
|b KIS3GCP
|
| 958 |
|
|
|a MI
|
| 992 |
|
|
|a RBX
|
| 999 |
|
|
|c 3129721
|d 3131651
|